000 00441nam a2200205Ia 4500
001 110413
003 YMCAF
005 20230512162418.0
008 100717s2003 ||||||||||||||||| ||und|d
024 _a110413
035 _aWB1400
040 _aYMCAF
_beng
_cIN-KoLT
041 _aeng
082 _a621.402
_b2 KER
100 _aKern, D Q
245 0 _aProcess heat transfer
260 _bTMH
_c2003
300 _a871
942 _2ddc
_cBK
999 _c11840
_d11840